Družstevní antropologie teoreticko-praktický průvodce spotřebních, výrobních a hospodářsko-úvěrních družstev

Saved in:
Bibliographic Details
Format: Book
Language:Czech
Published: Praha Ústřední svaz československých družstev 1923
Tags: Add Tag
No Tags, Be the first to tag this record!

MARC

LEADER 00000nam a2200000 4500
001 0267710
005 20240822101709.9
041 0 |a cze 
044 |a CZ 
245 1 0 |a Družstevní antropologie  |b teoreticko-praktický průvodce spotřebních, výrobních a hospodářsko-úvěrních družstev 
264 1 |a Praha  |b Ústřední svaz československých družstev  |c 1923